A speck in the universe / (Record no. 165005)

MARC details
000 -LEADER
fixed length control field 00513nam a22001817a 4500
005 - DATE AND TIME OF LATEST TRANSACTION
control field 20190603131344.0
010 ## - LCCN (DPL NO)
LC control number ENG-125450
020 ## - INTERNATIONAL STANDARD BOOK NUMBER
International Standard Book Number 9789350451748
Terms of availability 300.00
035 ## - SYSTEM CONTROL NUMBER
System control number EN-108982
037 ## - SOURCE OF ACQUISITION
Source of stock number/acquisition DBAD/PUB
082 ## - DEWEY DECIMAL CLASSIFICATION NUMBER
Classification number 921
100 ## - MAIN ENTRY--PERSONAL NAME
Personal name George, Nita B.
245 ## - TITLE STATEMENT
Title A speck in the universe /
Statement of responsibility, etc by Nita B. George
260 ## - PUBLICATION, DISTRIBUTION, ETC. (IMPRINT)
Place of publication, distribution, etc Calcutta
Name of publisher, distributor, etc Writers Workshop Book
Date of publication, distribution, etc 2018
270 ## - ADDRESS
Address 162/92, Lake Garden,
City Culcutta
Postal code 700045
300 ## - PHYSICAL DESCRIPTION
Extent 136p.
Dimensions 22cms(Hb)
942 ## - ADDED ENTRY ELEMENTS (KOHA)
Source of classification or shelving scheme Dewey Decimal Classification
Item type English Books
Classification part 921
Call number suffix GEO
Holdings
Withdrawn status Lost status Not for loan Collection code Home library Current library Date acquired Source of acquisition Cost, normal purchase price Full call number Barcode Copy number Cost, replacement price Koha item type
      Non-fiction Central Library Central Library 31/05/2019 DBAD/PUB 300.00 921 GEO EN-108982 1 300.00 English Books

© Delhi Public Library
Hit Counter
free hit counter